LEADER 01236nam2-2200397---450- 001 990005813980203316 005 20130305100705.0 010 $a0-471-01751-5 035 $a000581398 035 $aUSA01000581398 035 $a(ALEPH)000581398USA01 035 $a000581398 100 $a20130304d1979----km-y0itay50------ba 101 $aeng 102 $aUS 105 $a||||||||001yy 200 1 $aRandom variables and stochastic processes$fHarold J. Larson, Bruno O. Shubert 210 $aNew York [etc.]$cWiley & sons$d1979 215 $aX, 544 p.$d24 cm 410 0$12001 454 1$12001 461 1$1001000581412$12001$aProbabilistic models in engineering sciences 606 0 $aCalcolo delle probabilità$2BNCF 676 $a519.2 700 1$aLARSON,$bHarold J.$029068 701 1$aSHUBERT,$bBruno O.$0104066 801 0$aIT$bsalbc$gISBD 912 $a990005813980203316 951 $a519.2 LAR 1 1$b2456 Ing.$c519.2 LAR$d00319137 959 $aBK 969 $aTEC 979 $aALESSANDRA$b90$c20130304$lUSA01$h1546 979 $aALESSANDRA$b90$c20130305$lUSA01$h1001 979 $aALESSANDRA$b90$c20130305$lUSA01$h1007 996 $aRandom variables and stochastic processes$91088917 997 $aUNISA LEADER 01693nam a2200361 i 4500 001 991000539219707536 005 20020503183940.0 008 000831s1992 it ||| | fre 020 $a8834369173$c48000 035 $ab10092572-39ule_inst 035 $aLE02517899$9ExL 040 $aFac. Economia$bita 041 0 $afre$aita 082 0 $a448.0024 100 1 $aCambiaghi, Bona$0131424 245 10$aFrancais de specialité :$béconomie, droit, sciences politiques /$cBona Cambiaghi, Marie-Christine Jullion 260 $aMilano :$bVita e pensiero,$cc1992 300 $aviii, 525 p. ;$c25 cm 490 0 $aTrattati e manuali 650 4$aLingua francese$xLetture 650 4$aDiritto$zFrancia$ySec.20. 651 4$aFrancia$xCondizioni economiche e sociali$ySec. 20. 700 1 $aJullion, M. Christine$eauthor$4http://id.loc.gov/vocabulary/relators/aut$0733081 907 $a.b10092572$b17-02-17$c27-06-02 912 $a991000539219707536 945 $aLE025 ECO 448 CAM01.01 $g1$i2025000123373$lle025$o-$pE0.00$q-$rl$s- $t0$u1$v0$w1$x0$y.i14556686$z19-09-07 945 $aLE025 ECO 448 CAM01.01 $g2$i2025000123366$lle025$o-$pE0.00$q-$rl$s- $t0$u1$v2$w1$x0$y.i14556698$z19-09-07 945 $aLE025 ECO 448 CAM01.01 $g3$i2025000115958$lle025$o-$pE0.00$q-$rl$s- $t0$u0$v0$w0$x0$y.i14691280$z11-03-08 945 $aLE025 ECO 448 CAM01.01 $g4$i2025000071520$lle025$o-$pE0.00$q-$rl$s- $t0$u0$v0$w0$x0$y.i10107733$z27-06-02 945 $aLE025 ECO 448 CAM01.01$g5$i2025000071537$lle025$o-$pE0.00$q-$rl$s- $t0$u0$v0$w0$x0$y.i10107745$z27-06-02 996 $aFrancais de specialité$91444524 997 $aUNISALENTO 998 $ale025$b01-01-00$cm$da $e-$ffre$git $h0$i2